| 000 | 00657cam a2200217 a 4500 | ||
|---|---|---|---|
| 001 | 000002559 | ||
| 005 | 20200929150219.0 | ||
| 008 | 770516s1992 sp r 001 p spa | ||
| 020 | _a8420616370 | ||
| 040 |
_aDO-SdBNP _bspa _cBNPHU |
||
| 082 |
_a861.6 _bO87p |
||
| 100 | 1 |
_aOtero, Blas de, _d1916 -1979 _94207 |
|
| 245 | 1 | 0 |
_aPoesía con nombres / _cBlas de Otero. |
| 250 | _a1a ed., 5a reimpr. | ||
| 260 |
_aMadrid : _bAlianza, _c1992. |
||
| 300 |
_a101 p. ; _c18 cm. |
||
| 440 | 3 |
_aEl libro de bolsillo. _nLiteratura ; _v637 _98060 |
|
| 650 | 4 |
_aPoesía española _9631 |
|
| 650 | 4 |
_aLiteratura española _9632 |
|
| 910 | _aValidado. Control de calidad. MFF | ||
| 999 |
_c2395 _d2395 |
||